Представление документа в формате MARC21

Поле Инд. ПП Название Значение
Тип записи a
Библиографический уровень b
001 Контрольный номер RU/IS/BASE/222538621
005 Дата корректировки 20200706225940.3
008 Кодируемые данные 20070119
040 b Код языка каталог. rus
e Правила каталог. PSBO
041 0_ a Код языка текста rus
084 a Индекс другой классификации/Индекс ББК 74.03(0)5; 74.005
100 1_ a Автор Рыбин В. А.
q Полное имя Рыбин Виктор Александрович
245 10 a Заглавие Образование и религиозная идея
504 a Библиография Библиогр.: 16 назв.
520 0_ a Аннотация Автор обращается к наследию основателей современной педагогики, выдающихся мыслителей Нового времени - Я. А. Коменского, Дж. Локка, И. Г. Песталоцци, Ж. Ж. Руссо, Н. И. Пирогова, Л. Н. Толстого, К. Д. Ушинского, П. Ф. Каптерева, - с целью осмыслить место и роль религиозной идеи в контексте образования. Приведенные соображения, пишет автор в заключении, далеко не исчерпывают эту сложную многоплановую тему. Скорее, это попытка напомнить некоторые уже исторически пройденные уроки переосмысления религиозного наследия в условиях секуляризации и интеллектуализации общества
600 14 a Персоналии Песталоцци Иоганн Генрих
a Персоналии Пирогов Николай Иванович
a Персоналии Каптерев Петр Федорович
a Персоналии Ушинский Константин Дмитриевич
a Персоналии Руссо Жан Жак
650 04 a Основная рубрика история педагогических учений
a Основная рубрика образование
a Основная рубрика педагогика; воспитание
653 0_ a Ключевые слова новое время
a Ключевые слова нравственность
a Ключевые слова религиозная идея
a Ключевые слова труд
a Ключевые слова умственное воспитание
a Ключевые слова физический труд
a Ключевые слова физическое воспитание
a Ключевые слова эстетическое воспитание
773 0_ t Заглавие источника Высшее образование сегодня
d Дата издания источника 2006
g Прочая информация № 10. - С. 38 - 43
w Контрольный № источника RU/IS/BASE/222443573
901 t Тип документа b